Zákon č. 191/1950 Zb., zmenkový a šekový

Zákon č. 191/1950 Zb., zmenkový a šekový. Plné znenie zákona spolu s výkladom k zákonu. Zmenkový a šekový zákon nebol novelizovaný od roku 1950 a preto redakcia v príslušných ustanoveniach použila výrazy "Národná banka Slovenska, Slovenská republika a občan Slovenskej republiky".

Gespeichert in:
Bibliographische Detailangaben
Format: Buchkapitel
Sprache:Slowakisch
Schlagworte:
Tags: Tag hinzufügen
Keine Tags, Fügen Sie das erste Tag hinzu!

MARC

LEADER 00000naa a2200000 4500
001 r020746
005 20230419073301.1
041 0 |a slo 
044 |a SK 
245 1 0 |a Zákon č. 191/1950 Zb., zmenkový a šekový 
520 |a Zákon č. 191/1950 Zb., zmenkový a šekový. Plné znenie zákona spolu s výkladom k zákonu. Zmenkový a šekový zákon nebol novelizovaný od roku 1950 a preto redakcia v príslušných ustanoveniach použila výrazy "Národná banka Slovenska, Slovenská republika a občan Slovenskej republiky". 
610 2 0 |a zmenky 
610 2 0 |a šeky 
610 2 0 |a zákony 
610 2 0 |a Slovensko 
610 2 0 |a 1950 
610 2 0 |a komentáre